2020 NBA Draft Order (First Round) - Statistics

General Stats
  • This quiz has been taken 71 times
  • The average score is 12 of 30
Answer Stats
Pick Answer % Correct
1 Anthony Edwards
100%
3 LaMelo Ball
98%
2 James Wiseman
86%
4 Patrick Williams
78%
5 Isaac Okoro
61%
7 Killian Hayes
53%
6 Onyeka Okongwu
51%
12 Tyrese Haliburton
45%
8 Obi Toppin
39%
15 Cole Anthony
37%
11 Devin Vassell
37%
10 Jalen Smith
37%
9 Deni Avdija
35%
16 Isaiah Stewart
35%
18 Josh Green
35%
26 Payton Pritchard
35%
21 Tyrese Maxey
35%
19 Saddiq Bey
31%
17 Aleksej Pokusevski
27%
30 Desmond Bane
27%
14 Aaron Nesmith
24%
20 Precious Achiuwa
22%
25 Immanuel Quickley
20%
28 Jaden McDaniels
20%
13 Kira Lewis Jr
20%
27 Udoka Azubuike
16%
29 Malachi Flynn
14%
23 Leandro Bolmaro
12%
22 Zeke Nnaji
12%
24 R. J. Hampton
10%
No matching quizzes found
Score Distribution
Percent of People with Each Score
Percentile by Number Answered
Your Score History
You have not taken this quiz